000 005020000a22001810004500
020 _a0-393-00135-0
041 0 _aENG
082 0 4 _aG 616.8 H8162n
100 1 _aHorney, Karen (1885-1952)
245 1 0 _aNeurosis and human growth : The struggle toward self-realization / Karen Horney
260 _aNew York, USA : W.W. Norton
300 _a391 Pag
001 10422
942 _cBK
999 _c39980
_d39980
336 _atexto
_btxt
_2rdacontent
337 _2rdamedia
_asin mediación
_bn
338 _2rdacarrier
_avolumen
_bnc